Responses for Show #5307 - Tuesday, October 9, 2007

2007 Kids Week game 2.

Contestants

[<< previous game]

Rachel Millena, a 10-year-old from Concord, California

Eddie Kwiatkowski, a 10-year-old from Cumberland, Rhode Island

Charlie Blatt, an 11-year-old from Scarsdale, New York

[next game >>]

Jeopardy! Round responses

THE CONTINENTS
THE SUMMER OLYMPICS
OUT OF THIS WORLD
YOUR NEW CLASS SCHEDULE
AMERICANA
(Alex: And we'll give you a list, you tell us which word is...)
NOT A VERB
    $200 1
Asia

Eddie
    $200 6
the pole vault

Triple Stumper
    $200 26
the sun

Rachel
    $200 21
the Mayflower

Eddie
    $200 7
the Liberty Bell

Rachel
    $200 12
(Charlie: [*]?)
(Alex: ...Say--remember to phrase it in--)
(Charlie: What is [*]?)
(Alex: That's it.)

capable

Charlie
    $400 2
(Rachel: What is Greenland?)

North America

EddieRachel
    $400 17
(Eddie: What is cross-country?)

the marathon

Eddie
Triple Stumper
    $400 27
Saturn

Rachel
    $400 22
French toast

Charlie
    $400 8
vote

Rachel
    $400 13
easel

Rachel
    $600 3
Australia

Eddie
    $600 18
4

Eddie
    $600 28
Venus

Eddie
    $600 23
your head

Charlie
    $600 9
an aquarium

Charlie
    $600 14
wonderful

Rachel
    $800 4
(Charlie: What is Asia?)
...
(Alex: The Andes, correct.)

South America

CharlieEddie
    $800 19
the javelin

Eddie
    $1,500 29
(Eddie: Uh... uh... what is...)
(Alex: It's not coming to you?)
(Eddie: No.)
...
[The end-of-round signal sounds.]

Halley's Comet

Eddie
    $800 24
concave

Triple Stumper
    $800 10
a globe

Rachel
    $800 15
(Eddie: What is... pep--what is salt?)

sage

EddieRachel
    $1000 5
Europe

Triple Stumper
    $1000 20
(Charlie: What is the dialthlon?)

the decathlon

CharlieRachel
    $1000 25
the bear family

Triple Stumper
    $1000 11
Amarillo

Rachel
    $1000 16
candor

Charlie

Scores at the first commercial break (after clue 16):

Charlie Eddie Rachel
$1,000 $1,200 $3,800

Scores at the end of the Jeopardy! Round:

Charlie Eddie Rachel
$1,000 $1,500 $5,400

Double Jeopardy! Round responses

CHRISTOPHER COLUMBUS
MOVIE MUSIC
LITERATURE FOR KIDS
ANNUAL EVENTS
ART
WHERE WORDS COME FROM
    $400 13
Queen Isabella

Rachel
    $400 4
choir

Rachel
    $400 1
the Cat in the Hat

Eddie
    $400 18
Hawaii

Rachel
    $400 21
clay

Eddie
    $400 11
(Rachel: What is Malay?)

ketchup

CharlieRachel
    $800 14
(Eddie: What is the Pinta?)

the Santa Maria

CharlieEddie
    $800 5
Nacho Libre

Eddie
    $800 2
Hans Christian Andersen

Charlie
    $800 19
watermelons

Rachel
    $1,200 23
papier-mâché

Rachel
    $800 12
an umbrella

Triple Stumper
    $1200 15
Genoa

Triple Stumper
    $1200 6
Mary Poppins

Rachel
    $1200 3
"Meg"

Rachel
    $1,400 20
(Rachel: What is...)
(Alex: Hurry.)
(Rachel: ...the ss... [Shakes head])
(Alex: No. The flower you associate most with Holland is [*].)

the tulip

Rachel
    $1200 24
(Alex: What is [*], not tempura.)
[The end-of-round signal sounds.]

tempera

Triple Stumper
    $1600 16
(Eddie: What is El Sal--El Salvador?)

San Salvador

EddieRachel
    $1600 9
Messiah

Triple Stumper
    $1600 7
Aunt Polly

Rachel
    $1600 22
(Eddie: What are spearmints?)

asparagus

EddieRachel
    $2000 17
(Charlie: Um, what is Florida?)

Puerto Rico (or the Virgin Islands)

CharlieEddie
    $2000 10
Mandy Moore

Triple Stumper
    $2000 8
A.A. Milne

Rachel

Scores at the end of the Double Jeopardy! Round:

Charlie Eddie Rachel
$1,000 $1,100 $16,000
(lock game)

[wagering suggestions for these scores]

Final Jeopardy! Round responses

U.S. PRESIDENTS
CharlieWho is [Washing scribbled out] Washington
$1,000
EddieWho is George Washington?
$1,100
RachelWho was George Washington?
$12,000
George Washington

Final scores:

Charlie Eddie Rachel
$2,000 $2,200 $28,000
3rd place: $1,000 + the Jeopardy! DVD Home Game System 2nd place: $2,000 + the Jeopardy! DVD Home Game System Winner: $28,000 + the Jeopardy! DVD Home Game System

Game dynamics:

Coryat scores:

Charlie Eddie Rachel
$1,000 $2,600 $17,000
8 R,
3 W
12 R,
6 W
(including 1 DD)
21 R
(including 1 DD),
3 W
(including 1 DD)

Combined Coryat: $20,600

[game clues] [game scores] [suggest correction]

Game tape date: 2007-08-20
The J! Archive is created by fans, for fans. Scraping, republication, monetization, and malicious use prohibited; this site may use cookies and collect identifying information. See terms. The Jeopardy! game show and all elements thereof, including but not limited to copyright and trademark thereto, are the property of Jeopardy Productions, Inc. and are protected under law. This website is not affiliated with, sponsored by, or operated by Jeopardy Productions, Inc. Join the discussion at JBoard.tv.